Zdravotná dokumentácia - ako ju (ne)viesť a jej význam v súdnych konaniach

Vedenie zdravotnej dokumentácie má význam nielen v sporových konaniach medzi poskytovateľom zdravotnej starostlivosti a pacientom, ale v širokej škále rôznych súdnych konaní, prakticky vždy, keď je pre ich výsledok podstatné zistenie zdravotného stavu. Článok v úvode poukazuje na niektoré pochybenia...

Full description

Saved in:
Bibliographic Details
Main Author: Bratko, Martin
Format: Book Chapter
Language:Slovak
Subjects:
Tags: Add Tag
No Tags, Be the first to tag this record!

MARC

LEADER 00000naa a2200000 4500
001 0312855
005 20251017094623.0
041 0 |a slo 
044 |a SK 
245 1 0 |a Zdravotná dokumentácia - ako ju (ne)viesť a jej význam v súdnych konaniach  |c Martin Bratko 
520 |a Vedenie zdravotnej dokumentácie má význam nielen v sporových konaniach medzi poskytovateľom zdravotnej starostlivosti a pacientom, ale v širokej škále rôznych súdnych konaní, prakticky vždy, keď je pre ich výsledok podstatné zistenie zdravotného stavu. Článok v úvode poukazuje na niektoré pochybenia vo vedení zdravotnej dokumentácie a následne uvádza rôzne súdne konania, v ktorých mala zdravotná dokumentácia nezastupiteľné (alebo aspoň veľmi ťažko zastupiteľné) miesto. 
610 2 0 |a dokumentácia 
610 2 0 |a zdravotníctvo 
610 2 0 |a starostlivosť o zdravie 
610 2 0 |a pacienti 
610 2 0 |a úpravy právne 
610 2 0 |a spory súdne 
100 1 |a Bratko, Martin